000 00421nam a2200157Ia 4500
008 090123s9999 xx 000 0 und d
082 _b15925
245 _aसमुद्र की आग
250 _a0
260 _bनकहत प.
300 _a156
630 _aसमुद्र की आग
700 _aप्रेम प्रकाश
730 _aसमुद्र की आग
942 _cBOOK
999 _c53986
_d53986